| 000 | 00604nam a22001457a 4500 | ||
|---|---|---|---|
| 020 | _a0-7235-4352-6 | ||
| 082 |
_a823 _bWIG/R |
||
| 100 | _aWIGGIN, KATE DOUGLAS | ||
| 245 | _aREBECCA OF SUNNYBROOK FARM | ||
| 260 |
_aGREAT BRITAIN _bEGMONT _c1990 |
||
| 300 | _a222 | ||
| 520 | _aThis classic story of a young girl growing up in the American state of Maine at the end of the l9th century follows Rebecca's life, education and escapades through the next seven years until the day, as the new mistress of her aunts' old brick house, she begins her adult life. | ||
| 650 |
_aNOVEL _zGREAT BRITAIN |
||
| 942 | _cBK | ||
| 999 |
_c5039 _d5039 |
||